[Event "Oslo Chess Festival 2016"]
[Site "Oslo NOR"]
[Date "2016.10.05"]
[Round "7"]
[White "Bø, Martin"]
[Black "Yilmaz, Kazim"]
[Result "1/2-1/2"]
[WhiteElo "1432"]
[BlackElo "1594"]
[PlyCount "86"]
[EventDate "2016.09.30"]

1. d4 d5 2. c4 c6 3. Nf3 Nf6 4. Nc3 e6 5. g3 Bb4 6. Bg2 Ne4 7. Qc2 Qa5 8. Bd2
Nxd2 9. Nxd2 Bxc3 10. bxc3 Nd7 11. O-O Nf6 12. cxd5 exd5 13. e4 dxe4 14. Nxe4
Nxe4 15. Qxe4+ Be6 16. Bh3 (16. c4 O-O 17. d5 cxd5 (17... Bd7 18. Rab1 Rae8 19.
Qf4 cxd5 20. Rxb7 Bc6 21. Rc7 Ba8 22. cxd5 Bxd5 23. Bxd5 Qxd5 24. Rxa7) 18.
cxd5 Bd7) 16... Qd5 17. Rfe1 Qxe4 18. Rxe4 Kd7 19. Bxe6+ fxe6 20. f4 Rae8 21.
Kf2 Re7 22. a4 Rhe8 23. a5 a6 24. Ke3 g6 25. Kd3 Kd6 26. Re5 Rc8 27. Kc4 Rf8
28. Rb1 Rf5 29. h4 h5 30. Rb2 Ref7 31. Rbe2 Rxe5 32. dxe5+ (32. fxe5+) 32...
Kc7 33. Rd2 Rd7 34. Rxd7+ Kxd7 35. Kc5 Kc7 36. c4 Kd7 37. Kb6 Kc8 38. Ka7 (38.
c5 Kb8 39. f5 gxf5 40. g4 hxg4 $4 (40... fxg4 {Stale mate}) 41. h5 g3 42. h6 g2
43. h7 g1=Q 44. h8=Q+ Qg8 45. Qxg8#) 38... Kc7 39. c5 Kc8 40. Ka8 Kc7 41. Ka7
Kc8 42. Ka8 Kc7 43. Ka7 Kc8 1/2-1/2

[Event "Oslo Chess Festival 2016"]
[Site "Oslo NOR"]
[Date "2016.10.05"]
[Round "8"]
[White "Vestjord, Harald Christian"]
[Black "Bø, Martin"]
[Result "0-1"]
[WhiteElo "1765"]
[BlackElo "1432"]
[PlyCount "90"]
[EventDate "2016.09.30"]

1. d4 Nf6 2. c4 e6 3. Nc3 Bb4 4. Qc2 O-O 5. a3 Bxc3+ 6. Qxc3 b6 7. Nf3 Bb7 8.
e3 d6 9. Bd3 Nbd7 10. Qc2 Re8 11. O-O Bxf3 12. gxf3 e5 13. d5 Nc5 14. Bf5 g6
15. Bh3 e4 16. f4 h5 17. b4 Ncd7 18. Kh1 Ng4 19. Bxg4 hxg4 20. Rg1 Qh4 21. Qe2
f5 22. Bb2 Re7 23. Rg2 Rh7 24. Kg1 Kf7 25. Qd2 Qe7 26. Kf1 Rh3 27. Qd4 Rg8 28.
Ke2 Nf6 29. c5 Rgh8 30. Qxf6+ Qxf6 31. Bxf6 Kxf6 32. cxd6 cxd6 33. Rc1 R8h7 34.
Rc6 Rd7 35. b5 g5 36. fxg5+ Kxg5 37. Rc8 Kf6 38. Re8 Re7 39. Rxe7 Kxe7 40. Kd2
Kf6 41. Kc3 Ke5 42. Kc4 Rh8 43. f4+ exf3 44. Rd2 Ke4 45. Rd4+ Kxe3 0-1

[Event "Saturday G/61 "]
[Site "Los Angeles, California USA"]
[Date "2015.09.27"]
[Round "1"]
[White "Bø, Martin"]
[Black "Vora, Yosh"]
[Result "1-0"]
[WhiteElo "1340"]
[BlackElo "1222"]
[Annotator "Bø, Martin"]
[PlyCount "63"]
[EventDate "2015.09.27"]

1. e4  e6 2. d4 d5 3. Nd2 Nf6 4. e5 {Bedre er Sfd7, blir
vanskelig å beholde bonden på e4} Ne4 $6 5. Nxe4 dxe4 6. c3 b6 7. Bc4 {Stopper
De5} Be7 8. Ne2 (8. Qg4 $1) 8... O-O  9. Ng3 Bb7 10. Qe2 Nc6
11. Nxe4 Na5 12. Bd3 f5 $6 13. exf6 Bxf6 14. Nxf6+ Qxf6 {Etter byttene har jeg
løperparet, en bonde over og bedre sentrumskontroll. Sort har muligens litt
kompensasjon i åpen f-linje og en sterk hvitfeltsløper. Isolert bonde på e6 og
en svak springer på a5. Hvit står klart til vinst} 15. O-O e5 $6 16. Qxe5 {To
bønder} Qh4 {[%emt 0:00:00]} 17. Qxc7 {Tre bønder} Qg4 18. Qg3 Qe6 19. Bd2 Bd5
20. Rae1 Qc6 21. Re7 Rf7 22. Rxf7 Bxf7 23. Re1 Bxa2 24. Be4 $3 {Fant det rette
trekket, men ikke den rette fortsettelsen. I følge fritz vinner Le4 på flekken.
} Bd5 25. Bxd5+ ({Forsert matt i 10} 25. Bh6 Qxh6 26. Bxd5+ Kf8 27. Bxa8 Nc4
28. Qb8+ Kf7 29. Qe8+ Kf6 30. Qe6+ Kg5 31. Qd5+ Kg6 32. Re6+ Kf7 33. Qd7+ Kf8
34. Re8#) 25... Qxd5 26. Re7 {Selv om jeg ikke fant den forrige varianten,
står jeg fortsatt klart til vinst. Fritz angir +17, og sort må gi fra seg
masse materiell for å slippe matt} g6 27. Bh6 $2 {Ser veldig sterkt ut, men
dersom sort finner Dh5 er hvits fordel nede på 2,8} (27. Bh6 Qh5 $1 28. Qf3
Qxf3 29. Rg7+ Kh8 30. gxf3) 27... Qf5 28. h3 Qb1+ 29. Kh2 Qxb2 30. Rg7+ (30.
Qe5 Qxf2 31. Qg7#) 30... Kh8 31. Qc7 Qxf2 32. Rxh7+ 1-0

[Event "Saturday G/61"]
[Site "Los Angeles, California USA"]
[Date "2015.09.27"]
[Round "2"]
[White "Hoffman, Evan"]
[Black "Bø, Martin"]
[Result "1/2-1/2"]
[WhiteElo "1901"]
[BlackElo "1340"]
[Annotator "Bø, Martin"]
[PlyCount "65"]
[EventDate "2015.09.27"]

1. d4  Nf6  2. Nf3 g6 3. Bf4 Bg7 4. e3 O-O 5.
Bd3 c5 6. c3 cxd4 (6... d5 {Og sort har utlignet hvitfordelen}) 7. cxd4 d6 8.
Nc3 Nc6 9. h3 {Er ikke mange gode felter på c8-h3 diagonalen for løperen min,
og setter den heller på b7} b6 10. Rc1 Bb7 11. Ne4 $6 {Gjør sort sin jobb mye
lettere, og tvinger frem noen bytter} Nb4 {Angriper løperen på d3, bonden på
a2 og en avdekker på springeren på e4} 12. Nxf6+ {Only move} Bxf6 13. Bc4 Bd5
14. a3 {I analysen etter partiet, ble vi enige om at Db3 var sterkere, og gir
hvit en liten fordel} (14. Qb3 Rc8 15. Qxb4 Bxf3 16. gxf3 d5 $1 17. b3 dxc4 18.
Rxc4 Rxc4 19. bxc4) 14... Bxc4 15. Rxc4 Nd5 16. Bh6 Bg7 17. Bxg7 Kxg7 18. g4 {
Starter et angrep på kongefløyen, men viser seg senere at det ville vært bedre
å spilt for den åpne c linja. Sort får MYE motspill} Rc8 19. Qc2 b5 20. Rxc8
Qxc8 21. Qd2 {Motstanderen min er såpass høyt ratet at han vil ikke bytte
dronninger å gå inn i et likt sluttspill, selv om det i følge fritz er det
beste trekket i stillingen} Qc6 {Gjør klar for å doble i c linja i tillegg til
at det åpner for taktiske muligheter mot springeren på f3} 22. g5 Rc8 {Truer
Dc1+ som vinner for sort} 23. O-O (23. h4 Qc1+ 24. Qd1 Nxe3 25. Qxc1 Rxc1+ 26.
Kd2 Rxh1 27. fxe3) (23. h4 Qc1+ 24. Qd1 Nxe3 25. fxe3 Qxe3+ 26. Kf1 Rc1) 23...
Nf4 {Spennende trekk som gir motstanderen min litt problemer. Tidskontrollen
er 61 min på hele partiet, og vi begynte begge å få relativt dårlig tid.
Muligens er Sb6 litt bedre} 24. exf4 (24. Ne5 Qg2#) (24. Ne1 Nxh3+ 25. Kh2 Nxg5
) 24... Qxf3 25. Kh2 Qe4 26. Re1 Qc2 {Visste fra tidligere at motstanderen min
ikke ville bytte dronninger. Her er det også det klart beste trekket, og nå
står sort klart best} 27. Qe3 Qxb2 28. Re2 Rc2 29. Rxc2 Qxc2 30. d5 a6 (30...
Qc5 $1 31. Kg3 Kf8 32. Qb3 Ke8 33. h4 a5 {-2,2 og sort står til vinst}) 31. Kg3
Qf5 $4 {En bukk som gir hvit tilbake bonden og muligheten for en evig sjakk}
32. Qxe7 Qxd5 33. Qf6+ $1 (33. Qf6+ Kg8 34. Qd8+ Kg7 35. Qf6+ Kg8 36. Qd8+ Kg7
37. Qf6+) 1/2-1/2

[Event "Saturday G/61"]
[Site "Los Angeles, California USA"]
[Date "2015.09.27"]
[Round "3"]
[White "Bø, Martin"]
[Black "Ondangan, Ruben"]
[Result "0-1"]
[WhiteElo "1340"]
[BlackElo "2256"]
[Annotator "Bø, Martin"]
[PlyCount "32"]
[EventDate "2015.09.27"]

1. e4 e6 2. d4 d5 3. exd5 exd5 {Hørte en gang at dersom du vil drepe et parti
tidlig, spill avbyttevarianten i fransk. Med en motstander som har nasjonal
mester tittel og 2256 i rating, syns jeg åpningsvalget var passende.} 4. Nf3
Bd6 5. Nc3 c6 6. Bd3 Ne7 7. O-O Bg4 8. h3 Bh5 9. Re1 {Satt å håpa på kort
rokade, en bukk jeg har sett flere ganger på chess.com. Dog ganske liten
sjangs for at en NM gjør det} Nd7 (9... O-O 10. Bxh7+ Kh8 11. Bd3) (9... O-O
10. Bxh7+ Kxh7 11. Ng5+ Kg6 12. g4 Qc8 13. gxh5+ Kh6 14. Nxf7+) (9... O-O 10.
Bxh7+ Kxh7 11. Ng5+ Kg8 12. Qxh5 Re8 13. Qh7+ Kf8 14. Qh8+ Ng8 15. Nh7#) 10.
Bd2 Qc7 11. a4 {Er vanskelig for sort å rokere kort, og etter Dc7 tenker jeg å
spille a4 for å starte et angrep} f6 12. Qe2 O-O-O 13. Bf4 $6 {Da jeg satt og
regnet varianter, overså jeg at løperen på h5 beskytter e8 feltet. Dersom man
fjerner h5 løperen er derimot trekket ganske bra.} Bxf4 14. Qxe7 Rhe8 {
Ettersom jeg ikke så løperen på h5, trodde jeg at motstanderen min hadde
bukket, og jeg spilte Dxe8 med en gang} 15. Qxe8 (15. Qa3 Bxf3 16. gxf3 {Er
Fritz førstevalg etter The8, og sort står best}) 15... Rxe8 16. Rxe8+ Bxe8 {
Litt surt å gjøre sånne feil når man får muligheten til å spille mot så gode
spillere} 0-1

[Event "Banter Blitz (Chess24.com)"]
[Site "?"]
[Date "2015.08.28"]
[Round "?"]
[White "Svidler, Peter"]
[Black "Naasen, Nils"]
[Result "1-0"]
[WhiteElo "2739"]
[BlackElo "1702"]
[Annotator "Naasen,Nils"]
[PlyCount "59"]
[EventDate "2015.08.28"]

1. e4 c6 2. d4 d5 3. e5 {Svidler sier på videoen at han har spilt Caro Kan
Advance Variation i mange år. Så jeg burde ha valgt noe annet.} Bf5 4. Nf3 e6
5. Be2 Nd7 6. O-O c5 {Svidler sier på videoen at c5 (som er ganske nødvendig i
stillingen) ikke passer så godt sammen med det forrige Sd7. Springeren skal
helst til c6. Herifra og ut blir jeg avkledd og får skikkelig juling.} 7. c4
cxd4 8. Nxd4 Bc5 9. Nxf5 exf5 10. Qxd5 Ne7 11. Qxb7 O-O 12. Rd1 {Partiet har
totalt havarert for svart. Artig å se hvor hurtig gode spillere kan straffe og
knuse feilvurderinger i åpningen.} Bxf2+ {e5 gjør at Sd7 ikke kan reddes på
noen fornuftig måte så jeg prøvde et lite sprell, men det nytter ikke.} 13.
Kxf2 Qb6+ 14. Qxb6 Nxb6 15. Nc3 Rfd8 16. Rxd8+ Rxd8 17. Bg5 Nbc8 18. Rd1 Rxd1
19. Bxd1 Ng6 20. c5 Nxe5 21. Ke3 f6 22. Bf4 Nc4+ 23. Kd4 Nxb2 24. Bb3+ Kf8 25.
Bc1 Ne7 26. Bxb2 Nc6+ 27. Kd5 Nb4+ 28. Kd6 Nd3 29. Ba3 f4 30. c6 1-0

[Event "Live Chess"]

[Site "Chess.com"]

[Date "2015.07.29"]

[White "tobbens"]

[Black "aliocha79"]


[ChesscomGameID "1231031927"]

[Annotator "Chess.com Computer Analysis"]

[Result "1-0"]

[BlackElo "1587"]

[TimeControl "5|5"]

[WhiteElo "1580"]

[Termination "tobbens won by resignation"]


{Inaccuracies(?!): 1 = 5.0% of moves | Mistakes(?): 6 = 30.0% of moves | Blunders(??): 2 = 10.0% of moves}

1. d4 {(Book Move)}  e5 {(Book Move)} 
2. dxe5 {(Book Move)}  Nc6 {(Book Move)} 
3. Nf3 {(Book Move)}  Qe7 {(Book Move)} 
4. Bf4 {(0.87)}  Qb4+ {(1.62)} 
5. Bd2 $6 {(0.98) INACCURACY - Perhaps better was 5. Nc3} 
({BEST MOVE (1.63)} 5. Nc3 Nf6 6. Qd2 Ne4 7. Nxe4 Qxe4 8. e3 Qg6   $18)
({INACCURACY (0.98)} 5. Bd2 Qc5 6. Be3 Qa5+ 7. Qd2 Qxd2+ 8. Nbxd2 d6   $16)
5... Qxb2 {(1.72)} 
6. Nc3 {(1.61)}  Nb4 {(1.71)} 
7. Nd4 {(1.77)}  c5 $4 {(4.01) BLUNDER - Lucky you! Your opponent blundered! The best move was 7... c6} 
({BEST MOVE (1.59)} 7... c6 8. e3 Qa3 9. Bc4 Na6 10. Qf3 Nh6 11. O-O   $18)
({BLUNDER (4.01)} 7... c5 8. Rb1 Qa3 9. Ndb5 Qa5 10. Nd5 Kd8 11. e4   $18)
8. Rb1 {(4.08)}  Qa3 {(4.49)} 
9. Ndb5 {(4.61)}  Qa5 {(4.28)} 
10. a3 {(4.5)}  Na6 {(4.44)} 
11. e4 {(5.18)}  Be7 {(5.99)} 
12. Nd5 $2 {(6.51) MISTAKE - That was a mistake. Much better was 12. Bc4} 
({BEST MOVE (6.8)} 12. Bc4 Qd8 13. Qh5 g6 14. Qf3 d5 15. exd5 f5   $18)
({MISTAKE (6.51)} 12. Nd5 Qa4 13. Qf3 Qxc2 14. Rc1 Qb2 15. Nxe7 Kxe7   $18)
12... Qd8 {(6.98)} 
13. Nxe7 $4 {(4.52) BLUNDER - Oh no - a blunder! You should have played 13. Bc4} 
({BEST MOVE (6.83)} 13. Bc4 Kf8 14. Qf3 h5 15. Nf4 Nf6 16. exf6 gxf6   $18)
({BLUNDER (4.52)} 13. Nxe7 Qxe7 14. Nd6+ Kf8 15. Bc4 Qxe5 16. Qf3 Nf6   $18)
13... Nxe7 $4 {(11.77) BLUNDER - Lucky you! Your opponent blundered! The best move was 13... Qxe7} 
({BEST MOVE (4.63)} 13... Qxe7 14. Nd6+ Kf8 15. Bc4 Qxe5 16. Qf3 Qf6 17. Nxf7   $18)
({BLUNDER (11.77)} 13... Nxe7 14. Nd6+ Kf8 15. Qf3 Nf5 16. Qxf5 f6 17. Bc3   $18)
14. Nd6+ {(12.08)}  Kf8 
15. Bxa6 $2 {(7.1) MISTAKE - That was a mistake. Much better was 15. Qf3} 
({BEST MOVE (12.33)} 15. Qf3 Nf5 16. Qxf5 f6 17. Bc3 g6 18. Qf4 g5   $18)
({MISTAKE (7.1)} 15. Bxa6 Nc6 16. Be2 Nxe5 17. f4 Nc6 18. O-O Qe7   $18)
15... bxa6 $2 {(8.94) MISTAKE - Your opponent made a mistake! Better was 15... Nc6} 
({BEST MOVE (7.2)} 15... Nc6 16. Be2 Nxe5 17. f4 Nc6 18. O-O Qe7 19. e5   $18)
({MISTAKE (8.94)} 15... bxa6 16. Qf3 Qe8 17. Nxe8 Kxe8 18. Qc3 h5 19. Qxc5   $18)
16. O-O $4 {(3.59) BLUNDER - Oh no - a blunder! You should have played 16. Qf3} 
({BEST MOVE (9.03)} 16. Qf3 Qe8 17. Nxe8 Kxe8 18. Qc3 a5 19. Qxa5 c4   $18)
({BLUNDER (3.59)} 16. O-O Nc6 17. Be3 Qe7 18. Qd5 Kg8 19. f4 Qe6   $18)
16... Ng6 $4 {(7.74) BLUNDER - Lucky you! Your opponent blundered! The best move was 16... Nc6} 
({BEST MOVE (3.94)} 16... Nc6 17. Be3 Qe7 18. Qd5 Kg8 19. f4 Qe6 20. Qxc5   $18)
({BLUNDER (7.74)} 16... Ng6 17. Be3 Qe7 18. Qd5 Bb7 19. Qxb7 Rd8 20. f4   $18)
17. f4 $2 {(6.9) MISTAKE - That was a mistake. Much better was 17. Be3} 
({BEST MOVE (7.92)} 17. Be3 Qe7 18. Qd5 Bb7 19. Rxb7 Qe6 20. Qxc5 Kg8   $18)
({MISTAKE (6.9)} 17. f4 h5 18. Be3 Ne7 19. f5 f6 20. exf6 gxf6   $18)
17... Qc7 $2 {(9.39) MISTAKE - Your opponent made a mistake! Better was 17... h5} 
({BEST MOVE (7.84)} 17... h5 18. Be3 Ne7 19. f5 Nc6 20. Qd5 Qe7 21. Nxc8   $18)
({MISTAKE (9.39)} 17... Qc7 18. Bc3 Ne7 19. Qh5 Qxd6 20. exd6 Nc6 21. Qxc5   $18)
18. Bc3 {(9.62)}  Rb8 $4 {(13.85) BLUNDER - Lucky you! Your opponent blundered! The best move was 18... Ne7} 
({BEST MOVE (9.33)} 18... Ne7 19. Qh5 Qxd6 20. exd6 Nc6 21. Qxc5 a5 22. Qc4   $18)
({BLUNDER (13.85)} 18... Rb8 19. Qd5 Ke7 20. Rxb8 Qxb8 21. Qxf7+ Kd8 22. Ba5+   $18)
19. Rxb8 $2 {(12.89) MISTAKE - That was a mistake. Much better was 19. Qd5} 
({BEST MOVE (14.02)} 19. Qd5 Ke7 20. Qxf7+ Kd8 21. Rxb8 Qxb8 22. Ba5+ Qc7   $18)
({MISTAKE (12.89)} 19. Rxb8 Qxb8 20. Qd5 Qxd6 21. Qxd6+ Ke8 22. Qc7 Ne7   $18)
19... Qxb8 {(13.1)} 
20. f5 $2 {(11.72) MISTAKE - That was a mistake. Much better was 20. Qd5} 
({BEST MOVE (13.18)} 20. Qd5 Qxd6 21. Qxd6+ Ne7 22. Qc7 Ke8 23. Ba5 f5   $18)
({MISTAKE (11.72)} 20. f5 Ne7 21. f6 gxf6 22. Rxf6 Kg8 23. Rxf7 Qxd6   $18)
20... Ne7 {(12.65)} 
21. Qh5 $2 {(11.95) MISTAKE - That was a mistake. Much better was 21. f6} 
({BEST MOVE (12.85)} 21. f6 gxf6 22. Rxf6 Kg8 23. Rxf7 Qxd6 24. exd6 Kxf7   $18)
({MISTAKE (11.95)} 21. Qh5 Qxd6 22. exd6 Nc6 23. e5 Rg8 24. f6 gxf6   $18)
21... g6 $2 {(+Mat04) MISTAKE - Your opponent made a mistake! Better was 21... Qxd6} 
({BEST MOVE (12.12)} 21... Qxd6 22. exd6 Nc6 23. e5 h6 24. e6 dxe6 25. fxe6   $18)
({MISTAKE (+Mat04)} 21... g6 22. Qh6+ Kg8 23. f6 Nf5 24. exf5 gxf5 25. Qg7#   $18)
22. Qh6+ {(+Mat04)}  Kg8 
23. f6 {(+Mat03) WHITE WINS - Play might have continued...} 
({CONTINUATION (+Mat03)} 23. f6 Nf5 24. exf5 gxf5 25. Qg7#   $18)
1-0

[Event "Pula Open 2015"]
[Site "Pula HRV"]
[Date "2015.06.13"]
[Round "1"]
[White "IM Van Delft, Merijn"]
[Black "Lange, David"]
[Result "1-0"]
[WhiteElo "2422"]
[BlackElo "1938"]
[PlyCount "125"]

1. e4 c5 2. Nf3 d6 3. d4 cxd4 4. Nxd4 Nf6 5. Nc3 a6 6. Bg5 e6 7. f4 Be7 8. Qf3
O-O 9. O-O-O Qc7 10. Be2 Nc6 11. Qg3 Nxd4 12. Rxd4 b5 13. e5 Ne8 14. Bxe7 Qxe7
15. Rhd1 d5 16. f5 exf5 17. Nxd5 Qe6 18. Kb1 Ra7 19. Bf3 Qg6 20. Qf2 Be6 21.
Nb4 f6 22. Rd6 Nxd6 23. Qxa7 fxe5 24. Qxa6 e4 25. Qxd6 exf3 26. gxf3 Bc4 27.
Qxg6 hxg6 28. Rd2 f4 29. b3 Bf1 30. Rf2 Bh3 31. Kc1 g5 32. Nc6 Kh7 33. a3 Bd7
34. Ne5 Bf5 35. Rd2 Re8 36. Rd5 Rc8 37. Rd2 Re8 38. Re2 g4 39. Kd2 gxf3 40.
Nxf3 Rxe2+ 41. Kxe2 Bxc2 42. Nd4 Be4 43. Nxb5 Bd5 44. Nd4 g5 45. b4 Kg8 46. a4
Kf8 47. Kf2 g4 48. Ne2 g3+ 49. hxg3 fxg3+ 50. Kxg3 Ke8 51. Kf4 Kd7 52. Ke5 Bb3
53. a5 Kc7 54. Kd4 Kb7 55. b5 Bd1 56. Nc3 Bg4 57. Kc5 Ka7 58. Nd5 Be2 59. Nb4
Ka8 60. Kb6 Bg4 61. Nd5 Bf3 62. Nc7+ Kb8 63. a6 1-0

[Event "Pula Open 2015"]
[Site "Pula HRV"]
[Date "2015.06.14"]
[Round "2"]
[White "Lange, David"]
[Black "Uhlarz, Jörg"]
[Result "1-0"]
[WhiteElo "1938"]
[BlackElo "1690"]
[PlyCount "93"]

1. d4 f5 2. Nf3 Nf6 3. c4 d5 4. e3 e6 5. Nc3 c6 6. Be2 Be7 7. O-O O-O 8. Ne5
Qe8 9. b3 Ne4 10. Bb2 Nd7 11. f3 Nxc3 12. Bxc3 a5 13. Qd2 Bg5 14. f4 Bd8 15.
Nxd7 Bxd7 16. b4 axb4 17. Bxb4 Rf6 18. Rfb1 Rh6 19. a4 dxc4 20. a5 c5 21. Bxc5
Bc6 22. Bxc4 Qh5 23. h3 Bxg2 24. Kxg2 Qxh3+ 25. Kf2 Bh4+ 26. Ke2 Qg2+ 27. Kd3
Qe4+ 28. Kc3 Bd8 29. Kb2 Rg6 30. Re1 Qc6 31. Qb4 Rg2+ 32. Re2 Qf3 33. Bxe6+ Kh8
34. Rxg2 Qxg2+ 35. Kb3 Qe4 36. d5 Qd3+ 37. Qc3 Qb5+ 38. Bb4 Be7 39. Qc4 Qe8 40.
Rc1 b5 41. Qc6 Qd8 42. Qxa8 Qxa8 43. Rc8+ Qxc8 44. Bxc8 Bd8 45. a6 Bb6 46. d6
Kg8 47. d7 1-0

[Event "Pula Open 2015"]
[Site "Pula HRV"]
[Date "2015.06.15"]
[Round "3"]
[White "FM Voscilla, Adriano"]
[Black "Lange, David"]
[Result "1/2-1/2"]
[WhiteElo "2185"]
[BlackElo "1938"]
[PlyCount "91"]

1. d4 Nf6 2. c4 g6 3. Nc3 d5 4. cxd5 Nxd5 5. e4 Nxc3 6. bxc3 Bg7 7. Bb5+ Bd7 8.
Qb3 c5 9. Ne2 cxd4 10. Bxd7+ Qxd7 11. cxd4 Bxd4 12. Nxd4 Qxd4 13. Qxb7 Qc3+ 14.
Bd2 Qc6 15. Rb1 O-O 16. O-O Qxb7 17. Rxb7 Nc6 18. Be3 Rfb8 19. Rfb1 a6 20. Bc5
e6 21. Kf1 Rxb7 22. Rxb7 Rb8 23. Rxb8+ Nxb8 24. Ke2 f5 25. exf5 exf5 26. Kd3
Kf7 27. Bd6 Nd7 28. Kc4 Ke6 29. Bf4 h5 30. h4 Nf6 31. Kc5 Ne4+ 32. Kb6 Nc3 33.
Kxa6 Nxa2 34. Bd2 Kd5 35. Kb5 Kd4 36. Kc6 Kd3 37. Be3 Nc3 38. Kd6 Ne4+ 39. Ke6
Ke2 40. Kf7 Nxf2 41. Bg5 Ne4 42. Kxg6 Ng3 43. Bf4 Kf2 44. Bxg3+ Kxg3 45. Kxf5
Kxh4 46. Kf4 1/2-1/2

[Event "Pula Open 2015"]
[Site "Pula HRV"]
[Date "2015.06.16"]
[Round "4"]
[White "Lange, David"]
[Black "Blagojevic, Marijan"]
[Result "1/2-1/2"]
[WhiteElo "1938"]
[BlackElo "2144"]
[PlyCount "138"]

1. d4 Nf6 2. c4 g6 3. Nc3 Bg7 4. g3 O-O 5. Bg2 d6 6. Nf3 Nbd7 7. O-O e5 8. Qc2
c6 9. Rd1 Qe7 10. dxe5 dxe5 11. b3 Re8 12. e4 Nc5 13. Ba3 Bg4 14. Rd2 Bxf3 15.
Bxf3 Bh6 16. Rd3 b6 17. Rad1 Bf8 18. Na4 Qc7 19. Bxc5 bxc5 20. Qd2 Kg7 21. Qe3
Qa5 22. g4 h6 23. h4 Be7 24. Be2 Rad8 25. Rxd8 Rxd8 26. Rxd8 Bxd8 27. Bf3 Nd7
28. g5 hxg5 29. hxg5 Be7 30. Bg4 Nf8 31. f4 exf4 32. Qxf4 Qe1+ 33. Kg2 Qa1 34.
Qd2 Qe5 35. Qb2 Qxb2+ 36. Nxb2 Nh7 37. Bd7 Nxg5 38. Bxc6 Ne6 39. Nd3 Nd4 40.
Bd5 f6 41. Nf4 Kh6 42. Nd3 Kg5 43. Kh3 a5 44. Kg3 Bd6+ 45. Kf2 Kg4 46. Ke3 Nc2+
47. Kd2 Nb4 48. Nxb4 axb4 49. Ke3 Kg3 50. Ke2 Be5 51. Bf7 g5 52. Be6 Bd4 53.
Bf5 Kf4 54. Kf1 Kf3 55. Bg6 Ke3 56. Kg2 Kf4 57. Bf5 g4 58. Bg6 g3 59. Bf5 Be5
60. Bg6 Ke3 61. Bf5 Kd3 62. Bg6 Kc2 63. Bf5 Kb2 64. Bd7 Kxa2 65. Ba4 Kb2 66.
Kf3 Kc3 67. Kg2 Kd3 68. Bc6 Ke3 69. Bd5 Kf4 1/2-1/2

[Event "Pula Open 2015"]
[Site "Pula HRV"]
[Date "2015.06.16"]
[Round "5"]
[White "Johnsen, Kjell Magne"]
[Black "Lange, David"]
[Result "1/2-1/2"]
[WhiteElo "2080"]
[BlackElo "1938"]
[PlyCount "29"]

1. d4 Nf6 2. c4 g6 3. Nc3 d5 4. Nf3 Bg7 5. e3 O-O 6. cxd5 Nxd5 7. Bc4 Nxc3 8.
bxc3 c5 9. O-O Nc6 10. Ba3 cxd4 11. cxd4 b6 12. Rc1 Bb7 13. Qe2 a6 14. Rfe1 b5
15. Bd3 1/2-1/2

[Event "Pula Open 2015"]
[Site "Pula HRV"]
[Date "2015.06.17"]
[Round "6"]
[White "Lange, David"]
[Black "Cechi, Goran"]
[Result "1/2-1/2"]
[WhiteElo "1938"]
[BlackElo "2051"]
[PlyCount "62"]

1. d4 Nf6 2. c4 g6 3. Nf3 Bg7 4. Nc3 d5 5. e3 O-O 6. cxd5 Nxd5 7. Bc4 Nb6 8.
Be2 c5 9. O-O cxd4 10. Nxd4 e5 11. Ndb5 Nc6 12. Qxd8 Rxd8 13. Rd1 Rxd1+ 14.
Bxd1 a6 15. Nd6 Bf8 16. Nce4 Be6 17. b3 f5 18. Nc5 Bxd6 19. Nxe6 h6 20. b4 Nxb4
21. Ba3 Kf7 22. Bb3 Ke7 23. f4 N4d5 24. Nc5 e4 25. Kf2 a5 26. Rd1 Nb4 27. Bxb4
axb4 28. Nxb7 Nc8 29. Rd4 Rb8 30. Na5 Rb6 31. Nc4 Rb8 1/2-1/2

[Event "Pula Open 2015"]
[Site "Pula HRV"]
[Date "2015.06.18"]
[Round "7"]
[White "Juhnke, Jürgen"]
[Black "Lange, David"]
[Result "0-1"]
[WhiteElo "2211"]
[BlackElo "1938"]
[PlyCount "76"]

1. e4 e5 2. Nf3 Nc6 3. Bb5 a6 4. Ba4 Nf6 5. O-O Be7 6. Bxc6 dxc6 7. Nc3 Bg4 8.
h3 Bxf3 9. Qxf3 Bd6 10. d3 h6 11. Ne2 Qe7 12. Ng3 g6 13. Qe2 O-O-O 14. f4 exf4
15. Bxf4 Nd7 16. d4 Bxf4 17. Rxf4 c5 18. c3 f6 19. Qc4 cxd4 20. cxd4 Qd6 21.
Ne2 Rde8 22. Rg4 f5 23. e5 Nxe5 24. dxe5 Qxe5 25. Rxg6 Qxe2 26. Qxe2 Rxe2 27.
b3 Rd2 28. a4 Rb2 29. Rf1 Rxb3 30. Rxf5 Rb4 31. Rh5 Rxa4 32. Rgxh6 Rxh6 33.
Rxh6 b5 34. Rc6 b4 35. Rc4 a5 36. Rc1 b3 37. Rb1 Rb4 38. h4 a4 0-1

[Event "Pula Open 2015"]
[Site "Pula HRV"]
[Date "2015.06.19"]
[Round "8"]
[White "Lange, David"]
[Black "Raguz, Dario"]
[Result "1/2-1/2"]
[WhiteElo "1938"]
[BlackElo "2126"]
[PlyCount "90"]

1. d4 Nf6 2. c4 e6 3. Nf3 b6 4. e3 Bb7 5. Be2 Bb4+ 6. Bd2 Qe7 7. O-O O-O 8. a3
Bxd2 9. Nbxd2 d6 10. Qc2 Nbd7 11. Rfd1 e5 12. dxe5 dxe5 13. Ng5 e4 14. Nb1 h6
15. Nh3 Rad8 16. Nc3 Qe5 17. Nf4 Nc5 18. b4 g5 19. Nfd5 Ncd7 20. Nxf6+ Nxf6 21.
Rxd8 Rxd8 22. Rd1 Rxd1+ 23. Nxd1 a5 24. Qc3 Qxc3 25. Nxc3 axb4 26. axb4 Bc6 27.
f3 exf3 28. Bxf3 Bxf3 29. gxf3 Kf8 30. Nb5 c5 31. bxc5 bxc5 32. Nd6 h5 33. Nf5
Nd7 34. Kf2 f6 35. h3 Kf7 36. f4 h4 37. Kf3 Nb6 38. Nd6+ Ke6 39. Ne4 Nxc4 40.
Nxc5+ Kf5 41. e4+ Kg6 42. Nd3 Nd2+ 43. Ke3 Nf1+ 44. Kf3 Nd2+ 45. Ke3 Nf1+
1/2-1/2